| 000 | 00591nam a22001695i 4500 | ||
|---|---|---|---|
| 001 | 168727 | ||
| 003 | ES-MaACL | ||
| 005 | 20230906213854.0 | ||
| 008 | 080528q1871 xxk |||| | eng d | ||
| 080 | _a75.02 | ||
| 245 | 0 | 2 | _aA list of oil painting materials manufactured by George Rowney and Co. manufacturing. |
| 260 |
_a[London : _bGeo. Rowney & Co., _c1871?] |
||
| 300 |
_a42 p. : _bil. ; _c18 cm. |
||
| 650 | 4 |
_aMateriales para artistas. _9137816 |
|
| 710 | 2 |
_aGeorge Rowney and Co. _9174713 |
|
| 852 | 4 |
_aES-MaACL _jT-894-F-5 _z- Enc. en un vol. facticio conservando cub. original |
|
| 999 |
_c168727 _d168727 |
||